000
00199nam a22000857a 4500
008
161122b xxu||||| |||| 00| 0 eng d
100
_9
1312
_a
KVS
245
_a
Economics-XII
260
_a
New Delhi
_b
KVS
_c
2011
999
_c
4025
_d
4025